Central Library OPAC University of Rajshahi

The life and adventures of Oliver Goldsmith. (Record no. 77245)

MARC details
000 -LEADER
fixed length control field 00658nam a22002413 4500
001 - CONTROL NUMBER
control field 77245
003 - CONTROL NUMBER IDENTIFIER
rucl marc code BD-RjUL
005 - DATE AND TIME OF LATEST TRANSACTION
control field 20211209082941.0
008 - FIXED-LENGTH DATA ELEMENTS--GENERAL INFORMATION
fixed length control field 200308s1848 enk 000 0
035 ## - SYSTEM CONTROL NUMBER
System control number (OCoLC)51373477
System control number (BD-RjUL)77470
040 ## - CATALOGING SOURCE
Original cataloging agency BD-RjUL
Language of cataloging eng
Transcribing agency BD-RjUL
041 ## - LANGUAGE CODE
Language code of text/sound track or separate title eng
082 ## - DEWEY DECIMAL CLASSIFICATION NUMBER
Edition number 23
Classification number 828.609
Author mark and year GOL 1848
100 1# - MAIN ENTRY--PERSONAL NAME
Personal name Forster, John
Dates associated with a name 1812-1876.
9 (RLIN) 240457
245 14 - TITLE STATEMENT
Title The life and adventures of Oliver Goldsmith.
260 ## - PUBLICATION, DISTRIBUTION, ETC. (IMPRINT)
Place of publication, distribution, etc. Lond.
Date of publication, distribution, etc. 1848
300 ## - PHYSICAL DESCRIPTION
Size 704 p.;
Pagination 22 cm.
600 17 - SUBJECT ADDED ENTRY--PERSONAL NAME
Personal name Goldsmith, Oliver,
Dates associated with a name 1730?-1774
650 ## - SUBJECT ADDED ENTRY--TOPICAL TERM
Topical term or geographic name as entry element Authors, Irish
9 (RLIN) 240459
690 00 - LOCAL SUBJECT ADDED ENTRY--TOPICAL TERM (OCLC, RLIN)
Topical term or geographic name as entry element Biography
942 ## - ADDED ENTRY ELEMENTS (KOHA)
Source of classification or shelving scheme Dewey Decimal Classification
Koha item type Rare Books
Holdings
Lost status Source of classification or shelving scheme Damaged status Not for loan Collection code Permanent Location Current Location Shelving location Date acquired Total Checkouts Full call number Date last seen Copy number Koha item type
  Dewey Decimal Classification   Not For Loan Non-fiction Central Library, University of Rajshahi Central Library, University of Rajshahi Rare Book Section 08/03/2020   RA 828.609 GOL 1848 08/03/2020 C-1 Rare Books